| 000 | 01111nam0a22002651 4500 | ||
|---|---|---|---|
| 001 | rc\2818846 | ||
| 005 | 20110622111511.0 | ||
| 035 | _a(NLR Aleph) 006977364 | ||
| 090 |
_a5500336 _c5500336 |
||
| 100 | _a20110622d1928 |||y0rusy50 ca | ||
| 101 | 0 | _arus | |
| 102 | _aRU | ||
| 105 | _aa i ||||| | ||
| 200 | 1 |
_aСборник таблиц Наше предприятие в цифрах ... _e[Формы статистической отчетности] _fИнж. С.Л. Библер, М.Я. Вайнблат, Б.К. Макаревич, А.В. Кондаков |
|
| 210 |
_aМосква _cизд-во "Техника управления" _d[1928] _gМосполиграф - 10-я тип. "Заря коммунизма" |
||
| 215 |
_a[3] с. текста, [39] л. табл. _cтабл. _d11×17 см |
||
| 700 | 1 |
_aБиблер _bС. Л. _gСоломон Львович |
|
| 701 | 1 |
_aВайнблат _bМ. Я. |
|
| 701 | 1 |
_aМакаревич _bБ. К. |
|
| 701 | 1 |
_aКондаков _bА. В. |
|
| 801 | 0 |
_aRU _bNLR _gpsbo |
|
| 801 | 1 |
_aRU _bELAR _2rusmarc |
|
| 852 |
_aNLR _j72/2764 |
||
| 942 | _cBOOK | ||
| 980 | _aNB | ||